Actas del primer Congreso Interamericano de Psicología celebreado en ciudad Trujillo, Rep. Dominicana del 10 al 20 de diciembre de 1953. (Registro nro. 46627)

Detalles MARC
000 -LEADER
campo de control de longitud fija 00624nam a2200169 i 4500
001 - NÚMERO DE CONTROL
campo de control 46627
003 - IDENTIFICADOR DE NÚMERO DE CONTROL
campo de control ES-MaACL
005 - FECHA Y HORA DE LA ÚLTIMA TRANSACCIÓN
campo de control 20230906161424.0
007 - CAMPO FIJO DE DESCRIPCIÓN FÍSICA--INFORMACIÓN GENERAL
campo de control de longitud fija t|
008 - DATOS DE LONGITUD FIJA--INFORMACIÓN GENERAL
campo de control de longitud fija 030331s1955 dr ||||1| spa d
111 2# - ENTRADA PRINCIPAL--NOMBRE DE CONGRESO/REUNIÓN
Nombre de congreso/reunión o jurisdicción como elemento de entrada Congreso Interamericano de psicología (
Número del congreso/reunión o número de parte o sección 1º.
Fecha del congreso o de la firma del tratado 1953.
Sede del congreso/Lugar de la reunión Ciudad Trujillo)
9 (RLIN) 398
245 10 - MENCIÓN DEL TÍTULO
Título Actas del primer Congreso Interamericano de Psicología celebreado en ciudad Trujillo, Rep. Dominicana del 10 al 20 de diciembre de 1953.
260 ## - PUBLICACIÓN, DISTRIBUCIÓN, ETC.
Lugar de publicación, distribución, etc. Ciudad Trujillo :
Nombre del editor, distribuidor, etc. Caribe,
Fecha de publicación, distribución, etc. 1955.
300 ## - DESCRIPCIÓN FÍSICA
Extensión 810 p., 2 lám. ;
Dimensiones 23 cm.
500 ## - NOTA GENERAL
Nota general Texto en español e inglés.
852 ## - LOCALIZACIÓN
Ubicación ES-MaACL
Número de control de estantería C-12241
Sublocalización o colección R.40275
Existencias
Estatus retirado Estado de pérdida Estado de daño No para préstamo Biblioteca de origen Biblioteca actual Ubicación en estantería Fecha de adquisición Fuente de adquisición Total de préstamos Signatura topográfica completa Código de barras Visto por última vez Precio de reemplazo Tipo de ítem Koha
        Biblioteca del Ateneo de Madrid Biblioteca del Ateneo de Madrid Sala Palomar 17/01/2008     C-12241 1049042 23/02/2023 23/02/2023 Libro impreso